富山県の市町村 (2000年) - Statistics

General Stats
  • This quiz has been taken 84 times
    67 since last reset
  • The average score is 26 of 35
Answers on the Map
Answers color-coded by a green-red scale on the quiz's map according to % correct below.
 
Answer Stats
ヒント 市町村名 % Correct
富山市とやまし
100%
高岡市たかおかし
100%
魚津市うおづし
98%
氷見市ひみし
98%
黒部市くろべし
98%
中新川郡 立山町たてやままち
98%
新湊市しんみなとし
95%
滑川市なめりかわし
95%
砺波市となみし
95%
中新川郡 舟橋村ふなはしむら
90%
中新川郡 上市町かみいちまち
90%
下新川郡 入善町にゅうぜんまち
90%
下新川郡 朝日町あさひまち
90%
下新川郡 宇奈月町うなづきまち
88%
小矢部市おやべし
85%
婦負郡 婦中町ふちゅうまち
83%
東砺波郡 城端町じょうはなまち
76%
婦負郡 八尾町やつおまち
73%
射水郡 小杉町こすぎまち
71%
西砺波郡 福岡町ふくおかまち
71%
西砺波郡 福光町ふくみつまち
68%
上新川郡 大山町おおやままち
63%
婦負郡 細入村ほそいりむら
61%
東砺波郡 上平村かみたいらむら
61%
東砺波郡 福野町ふくのまち
61%
東砺波郡 平村たいらむら
59%
東砺波郡 利賀村とがむら
59%
射水郡 大門町だいもんまち
56%
婦負郡 山田村やまだむら
54%
射水郡 下村しもむら
49%
東砺波郡 庄川町しょうがわまち
49%
東砺波郡 井波町いなみまち
49%
上新川郡 大沢野町おおさわのまち
44%
射水郡 大島町おおしままち
39%
東砺波郡 井口村いのくちむら
34%
No matching quizzes found
Score Distribution
Percent of People with Each Score
Percentile by Number Answered
Your Score History
You have not taken this quiz since the last reset